Central Library OPAC University of Rajshahi

All about the baby / (Record no. 14731)

MARC details
000 -LEADER
fixed length control field 00708nam a2200229u 4500
001 - CONTROL NUMBER
control field 14731
003 - CONTROL NUMBER IDENTIFIER
rucl marc code BD-RjUL
005 - DATE AND TIME OF LATEST TRANSACTION
control field 20211208235700.0
008 - FIXED-LENGTH DATA ELEMENTS--GENERAL INFORMATION
fixed length control field 140208s1945 cau 000 0 eng
035 ## - SYSTEM CONTROL NUMBER
System control number (BD-RjUL)14785
040 ## - CATALOGING SOURCE
Original cataloging agency DLC
Transcribing agency CarP
Modifying agency DLC
-- BD-RjUL
Language of cataloging eng
041 ## - LANGUAGE CODE
Language code of text/sound track or separate title eng
082 ## - DEWEY DECIMAL CLASSIFICATION NUMBER
Classification number 649.1
Author mark and year WOA
100 1# - MAIN ENTRY--PERSONAL NAME
Personal name Comstock, Belle Jessie (Wood)
Dates associated with a name 1880- [from old catalog]
9 (RLIN) 45895
245 10 - TITLE STATEMENT
Title All about the baby /
260 ## - PUBLICATION, DISTRIBUTION, ETC. (IMPRINT)
Place of publication, distribution, etc. Mountain View, Calif. ;
-- Portland, Or. [etc.] :
Name of publisher, distributor, etc. Pacific press publishing association,
Date of publication, distribution, etc. 1945.
300 ## - PHYSICAL DESCRIPTION
Pagination 394 p. ;
Size 20cm.
650 #0 - SUBJECT ADDED ENTRY--TOPICAL TERM
Topical term or geographic name as entry element Infants
General subdivision Care and hygiene. [from old catalog]
9 (RLIN) 45896
942 ## - ADDED ENTRY ELEMENTS (KOHA)
Source of classification or shelving scheme Dewey Decimal Classification
Koha item type Books
Holdings
Lost status Source of classification or shelving scheme Damaged status Not for loan Collection code Permanent Location Current Location Shelving location Date acquired Source of acquisition Cost, normal purchase price Total Checkouts Full call number Date last seen Copy number Koha item type
  Dewey Decimal Classification   Not For Loan Non-fiction Central Library, University of Rajshahi Central Library, University of Rajshahi Reading Room 26/10/1976 National Home and health Services cop. BD 36.00   649.1 WOA 1945 08/02/2014 C-1 Books